Statistics for Capital cities by coordinates

Click here to take the quiz!

General Stats

  • This quiz has been taken 12 times
  • The average score is 10 of 15

Answer Stats

CoordinateCity% Correct
51° N, 0° WLondon
100%
39° N, 116° EBeijing
80%
30° N, 31° ECairo
80%
40° N, 3° WMadrid
80%
28° N, 77° ENew Delhi
80%
35° N, 139° ETokyo
80%
38° N, 77° WWashington D.C
80%
15° S, 47° WBrasilia
70%
41° S, 174° EWellington
70%
33° S, 18° ECape Town
60%
14° N, 17° WDakar
60%
19° N, 99° WMexico City
60%
1° N, 103° ESingapore
50%
24° N, 54° EAbu Dhabi
40%
0° N, 32° EKampala
40%

Score Distribution

Percentile by Number Answered

Percent of People with Each Score

Your Score History

You have not taken this quiz